Pokémon with the Ability Levitate - Statistics

General Stats
  • This quiz has been taken 238 times
    237 since last reset
  • The average score is 23 of 40
Answer Stats
Gen Answer % Correct
V Eelektross
77%
IV Rotom
77%
IV Rotom (Fan)
77%
IV Rotom (Frost)
77%
IV Rotom (Heat)
77%
IV Rotom (Mow)
77%
IV Rotom (Wash)
77%
I Gastly
76%
I Haunter
76%
V Eelektrik
71%
V Tynamo
70%
IV Bronzong
67%
IV Bronzor
64%
III Flygon
63%
III Latias
58%
VI Latias (Mega)
58%
III Latios
58%
VI Latios (Mega)
58%
III Claydol
57%
III Vibrava
57%
IV Azelf
55%
III Baltoy
55%
IV Mesprit
55%
IV Uxie
55%
IV Mismagius
53%
II Misdreavus
52%
I Koffing
51%
III Lunatone
51%
III Solrock
51%
I Weezing
51%
IV Cresselia
50%
III Chimecho
42%
IV Chingling
42%
III Duskull
40%
V Hydreigon
36%
VII Vikavolt
36%
IV Carnivine
34%
IV Giratina (Origin)
34%
II Unown
30%
V Cryogonal
26%
No matching quizzes found
Score Distribution
Percent of People with Each Score
Percentile by Number Answered
Your Score History
You have not taken this quiz since the last reset